Semiconductors Devices and appliction (Record no. 182212)
[ view plain ]
| 000 -LEADER | |
|---|---|
| fixed length control field | 01109 a2200181 4500 |
| 003 - CONTROL NUMBER IDENTIFIER | |
| control field | Nust |
| 005 - DATE AND TIME OF LATEST TRANSACTION | |
| control field | 20250922102413.0 |
| 040 ## - CATALOGING SOURCE | |
| Transcribing agency | Nust |
| 082 ## - DEWEY DECIMAL CLASSIFICATION NUMBER | |
| Classification number | 621.38152 |
| 100 ## - MAIN ENTRY--PERSONAL NAME | |
| Personal name | Greiner.R.A |
| 9 (RLIN) | 130535 |
| 245 ## - TITLE STATEMENT | |
| Title | Semiconductors Devices and appliction |
| Statement of responsibility, etc. | R.A.Greiner |
| 250 ## - EDITION STATEMENT | |
| Edition statement | International student edition |
| 260 ## - PUBLICATION, DISTRIBUTION, ETC. | |
| Place of publication, distribution, etc. | London, |
| Name of publisher, distributor, etc. | Mc Graw-Hill Book |
| Date of publication, distribution, etc. | 1961 |
| 300 ## - PHYSICAL DESCRIPTION | |
| Extent | xiv,493p |
| 505 ## - FORMATTED CONTENTS NOTE | |
| Formatted contents note | The Structure of Atoms and Solids (Page-1) Electrical Conduction in Solids (Page-22) Particle Physics (Page-34) Practical Semiconductors (Page-52) Semiconductors Preparation Properties and Managements (Page-73) Contacts (Page-87) Junctions (Page-99) Diodes (Page-130) Transistor the Basic Mechanism (Page-145) Practical Transistor Stabilization (Page-185) Transistor Parameters (Page-208) Small Signal Amplifiers (Page-235) Power Amplifiers (Page-300) Power Supplies (Page-315) Sinusoidal Oscillators (Page-331) High Frequency and Switching Transistors (Page-344) Switching Mode Circuits (Page-367) Regenerative Switching Mode Circuits (Page-386) |
| 650 ## - SUBJECT ADDED ENTRY--TOPICAL TERM | |
| Topical term or geographic name entry element | Telecommunication Engineering |
| 942 ## - ADDED ENTRY ELEMENTS (KOHA) | |
| Source of classification or shelving scheme | |
| Koha item type | Book |
| Withdrawn status | Lost status | Source of classification or shelving scheme | Damaged status | Not for loan | Permanent Location | Current Location | Shelving location | Date acquired | Full call number | Barcode | Date last seen | Price effective from | Koha item type | Public note |
|---|---|---|---|---|---|---|---|---|---|---|---|---|---|---|
| Military College of Signals (MCS) | Military College of Signals (MCS) | General Stacks | 12/12/2016 | 621.38152 GRE | MCS5834 | 12/08/2016 | 12/12/2016 | Book | Almirha No 83, Shelf No 1 |
